000 00536nam a2200181Ia 4500
005 20250508153052.0
008 008 250505s9999 xx 000 0 eng d
037 _aBooks to be hide in OPAC
040 _aFEDL
_beng
_cFEDL
041 _aeng
_2eng
084 _a420.7, FRI/O
_qFEDL
100 _aFries Charles C
245 0 _aTeaching and learning english as a foreign language
260 _aLondon, UK
_bUniversity of Michigan
_c1945
300 _avii,141p.
942 _cHB
_h420.7, FRI/O
999 _c1340502
_d1340502